000 00566nam a2200193 a 4500
001 000009506
005 20240412074211.0
008 090930s1998 dr 000 f spa d
040 _aDO-SdBNP
_bspa
_cBNPHU
082 _aRD863.44
_bA347a
100 1 _aAlcántara Lebrón, Nixon
_924320
245 1 3 _aEl acusado. imaginaciones /
_cNixon Alcántara Lebrón.
246 _aImaginaciones
260 _aSanto Domingo :
_bLawrence,
_c1998.
300 _a182 p. : ;
_c21 cm.
650 0 _aCuentos dominicanos
_9176
650 0 _aLiteratura dominicana.
_967
049 _aBNPD
999 _c9266
_d9266